| 000 | 01775nam0a2200361 4500 | ||
|---|---|---|---|
| 001 | RU\NLR\b_ik\186551 | ||
| 005 | 20260406132130.0 | ||
| 010 |
_a978-5-91521-005-8 _92500 |
||
| 035 | _a(NLR Aleph) 002259059 | ||
| 090 |
_a3793777 _c3793777 |
||
| 100 | _a20101108d2010 |||y0rusy50 ca | ||
| 101 | 1 |
_aeng _crus |
|
| 102 | _aRU | ||
| 105 | _aa ||||||||| | ||
| 200 | 9 |
_aThe armoury _ea guide _fV.S. Goncharenko a. V.I. Narozhnaya _gMoscow Kremlin, State museum-preserve of history a. culture _g[transl.: Kathleen Cook] |
|
| 205 | _a4th ed. | ||
| 210 |
_aMoscow _cRed square _d2010 |
||
| 215 |
_a288 с. _cил., цв. ил. _d22 |
||
| 300 | _aНа обл. авт. не указаны | ||
| 541 | 1 | _aОружейная палата: гид | |
| 601 | 0 | 2 |
_aОружейная палата _cМосква, город _jПутеводители _xКоллекция декоративно-прикладного искусства _92530591 _3RU\NLR\AUTH\661498929 |
| 606 | 1 |
_aДекоративно-прикладное искусство русское _jПутеводители _92582892 _3RU\NLR\AUTH\661526795 |
|
| 686 | 1 | _aЩ101.3(2Р=Рус)-2Москва2Оружейная палата я23 | |
| 686 | 1 | _aЩ123(2Р=Рус)л61 я23 | |
| 700 | 1 |
_4070 _7ba _8rus _aGončarenko _bV. S. _gValentina Semenovna _9213507 _3RU\NLR\AUTH\770213563 |
|
| 701 | 1 |
_4070 _7ba _8rus _aNarožnaja _bV. I. _cработник культуры _gValentina Ivanovna _9213613 _3RU\NLR\AUTH\770213669 |
|
| 712 | 0 | 2 |
_4570 _8eng _aArmoury chamber _cMoscow _7ba _3RU\NLR\AUTH\8823414 _9321316 |
| 801 | 0 |
_aRU _bNLR _c20101108 _gRCR |
|
| 942 | _cBOOK | ||
| 980 | _aNB | ||